00829nam a22002657a 450000500170000001000130001702000220003003500130005203700160006504000120008108200150009310000230010824500300013126000480016127000690020930000210027849000220029950000190032165000180034065000300035870000100038894200240039899900190042295201220044120170124110048.0 aA-992017 c00.00a8171414788 aA-992017 bCen Lib/Ret aDPLbEN a797.2bDUB aDubey, H.C.924895 aDiving /cby H.C.Dubey aNew DelhibDiscovery Publishing Housec1999 a4831/24,Ansari Road Prahlad Street Darya GanjbNew Delhie110002 a216p. c21cm(Hb) aDPH Sports series aIncludes index aDiving924896 aDiving - Teaching924897 924718 2ddccENh797.2mDUB c128943d128943 00104070aLbLd2015-07-03eCen Lib/Retg0.00l0o797.2 DUBpA-992017r2015-07-03 00:00:00t1v0.00w2015-07-03yEN